[Event "Turkish Club Cup 2019"]
[Site "Konya"]
[Date "2019.07.18"]
[Round "5"]
[White "Ertekin, Ramazan"]
[Black "Turan, Ercan"]
[Result "1-0"]
[WhiteElo "1780"]
[BlackElo "1673"]
[Annotator "NA"]
[PlyCount "67"]
[EventDate "2019.07.16"]
[EventType "team-tourn"]
[EventCountry "TUR"]
[SourceTitle "playchess.com"]
[Source "ChessBase"]
[SourceQuality "1"]
[TimeControl "5400+30"]

1. e4 {[%emt 0:00:30]} c6 {[%emt 0:00:30]} 2. d4 {[%emt 0:00:30]} d5 {[%emt 0:00:30]} 3. e5 {[%emt 0:00:00]} Bf5 {[%emt 0:00:30]} 4. Nf3 {[%emt 0:00:00]} e6 {[%emt 0:01:30]} 5. Be2 {[%emt 0:01:30]} Ne7 {[%emt 0:01:30]} 6. O-O {[%emt 0:00:30]} Nd7 {[%emt 0:02:30]} 7. c4 {[%emt 0:01:30]} dxc4 {[%emt 0:10:30]} 8. Bxc4 {[%emt 0:01:30]} Nd5 {[%emt 0:00:30]} 9. Nc3 {[%emt 0:04:30]} Be7 {[%emt 0:01:30]} 10. a3 {[%emt 0:14:30]} O-O {[%emt 0:02:30]} 11. Bd2 {[%emt 0:06:30]} N5b6 {[%emt 0:12:30]} 12. Ba2 {[%emt 0:01:30]} c5 {[%emt 0:05:30]} 13. Qe2 {[%emt 0:06:30]} cxd4 {[%emt 0:04:30]} 14. Nxd4 {[%emt 0:00:30]} Bg6 {[%emt 0:01:30]} 15. Bf4 {[%emt 0:09:30]} Bc5 {[%emt 0:16:30]} 16. Rfd1 {[%emt 0:10:30]} Qh4 {[%emt 0:02:30]} 17. g3 {[%emt 0:05:30]} Qh3 {[%emt 0:05:30]} 18. Ne4 {[%emt 0:02:30]} h6 {[%emt 0:09:30]} 19. f3 {[%emt 0:03:30]} Nd5 {[%emt 0:04:07]} 20. Bxd5 {[%emt 0:04:30]} exd5 {[%emt 0:00:10]} 21. Nxc5 {[%emt 0:01:30]} Nxc5 {[%emt 0:01:13]} 22. Be3 {[%emt 0:06:35]} Ne6 {[%emt 0:00:42]} 23. Nb5 {[%emt 0:00:37]} a6 {[%emt 0:05:23]} 24. Nd6 {[%emt 0:00:24]} b5 {[%emt 0:04:31]} 25. Rxd5 {[%emt 0:01:01]} f6 {[%emt 0:01:25]} 26. Qg2 {[%emt 0:01:47]} Qh5 {[%emt 0:01:09]} 27. f4 {[%emt 0:01:27]} Rad8 {[%emt 0:03:00]} 28. exf6 {[%emt 0:01:10]} Ng5 {[%emt 0:01:24]} 29. fxg5 {[%emt 0:00:48]} hxg5 {[%emt 0:00:15]} 30. Rxg5 {[%emt 0:02:05]} Qh7 {[%emt 0:00:10]} 31. fxg7 {[%emt 0:01:44]} Qxg7 {[%emt 0:00:47]} 32. Qd5+ {[%emt 0:00:46]} Kh7 {[%emt 0:00:10]} 33. Bd4 {[%emt 0:01:08]} Qe7 {[%emt 0:00:21]} 34. Rh5+ {[%emt 0:00:14]} 1-0

[Event "Turkish Club Cup 2019"]
[Site "Konya"]
[Date "2019.07.18"]
[Round "5"]
[White "Yurdakul, Didem Nuray"]
[Black "Kalayci, Nino"]
[Result "0-1"]
[WhiteElo "1779"]
[BlackElo "1855"]
[Annotator "NA RC"]
[PlyCount "103"]
[EventDate "2019.07.16"]
[EventType "team-tourn"]
[EventCountry "TUR"]
[SourceTitle "playchess.com"]
[Source "ChessBase"]
[SourceQuality "1"]
[TimeControl "5400+30"]

1. e4 {[%emt 0:00:30]} e6 {[%emt 0:00:30]} 2. d4 {[%emt 0:00:00]} d5 {[%emt 0:00:30]} 3. Nd2 {[%emt 0:00:00]} c5 {[%emt 0:00:00]} 4. Ngf3 {[%emt 0:00:30]} Nf6 {[%emt 0:00:00]} 5. e5 {[%emt 0:01:30]} Nfd7 {[%emt 0:03:30]} 6. c3 {[%emt 0:00:30]} a6 {[%emt 0:00:30]} 7. Bd3 {[%emt 0:11:30]} Nc6 {[%emt 0:05:30]} 8. O-O {[%emt 0:00:30]} Qb6 {[%emt 0:09:30]} 9. Re1 {[%emt 0:01:30]} cxd4 {[%emt 0:08:30]} 10. cxd4 {[%emt 0:00:30]} Nxd4 {[%emt 0:03:30]} 11. Nxd4 {[%emt 0:00:30]} Qxd4 {[%emt 0:00:30]} 12. Nf3 {[%emt 0:00:00]} Qb6 {[%emt 0:04:30]} 13. Qa4 {[%emt 0:01:00]} Qb4 {[%emt 0:04:30]} 14. Qc2 {[%emt 0:00:30]} h6 {[%emt 0:08:30]} 15. Be3 {[%emt 0:04:30]} Nc5 {[%emt 0:05:30]} 16. Be2 {[%emt 0:08:30]} Bd7 {[%emt 0:09:30]} 17. Rac1 {[%emt 0:14:30]} Rc8 {[%emt 0:04:30]} 18. Qb1 {[%emt 0:06:30]} Be7 {[%emt 0:06:30]} 19. a3 {[%emt 0:00:30]} Qe4 {[%emt 0:02:30]} 20. Qxe4 {[%emt 0:04:30]} Nxe4 {[%emt 0:02:18]} 21. Rxc8+ {[%emt 0:02:30]} Bxc8 {[%emt 0:00:30]} 22. Rc1 {[%emt 0:00:00]} O-O {[%emt 0:05:37]} 23. Rc7 {[%emt 0:01:00]} Re8 {[%emt 0:02:37]} 24. Bd3 {[%emt 0:01:30]} f5 {[%emt 0:08:16]} 25. Bxe4 {[%emt 0:11:30]} fxe4 {[%emt 0:00:44]} 26. Nd4 {[%emt 0:01:30]} Kf8 {[%emt 0:01:27]} 27. Ne2 {[%emt 0:02:30]} g5 {[%emt 0:01:54]} 28. Nc3 {[%emt 0:01:30]} Rd8 {[%emt 0:00:42]} 29. Bd4 {[%emt 0:05:38]} b5 {[%emt 0:00:11]} 30. b4 {[%emt 0:00:13]} Bd7 {[%emt 0:01:09]} 31. Kf1 {[%emt 0:04:32]} Be8 {[%emt 0:00:42]} 32. Ke1 {[%emt 0:01:42]} Ra8 {[%emt 0:00:36]} 33. Bc5 {[%emt 0:08:37]} Bxc5 {[%emt 0:00:03]} 34. Rxc5 {[%emt 0:00:12]} a5 {[%emt 0:01:08]} 35. Nxb5 {[%emt 0:00:55]} axb4 {[%emt 0:00:30]} 36. axb4 {[%emt 0:00:00]} Ra1+ {[%emt 0:00:00]} 37. Kd2 {[%emt 0:01:15]} Ra2+ {[%emt 0:00:00]} 38. Ke1 {[%emt 0:00:31]} Ra1+ {[%emt 0:00:23]} 39. Kd2 {[%emt 0:00:13]} Ra2+ {[%emt 0:00:06]} 40. Ke3 {[%emt 0:01:13]} Bxb5 {[%emt 0:00:59]} 41. Rxb5 {[%emt 0:00:30]} Kf7 {[%emt 0:00:00]} 42. Rb7+ {[%emt 0:00:46]} Kg6 {[%emt 0:00:12]} 43. b5 {[%emt 0:00:14]} Kf5 {[%emt 0:00:18]} 44. Kd4 {[%emt 0:01:21]} Rd2+ {[%emt 0:01:29]} 45. Kc5 {[%emt 0:00:30]} Kxe5 {[%emt 0:00:05]} 46. b6 {[%emt 0:01:05]} Rc2+ {[%emt 0:00:58]} 47. Kb4 {[%emt 0:02:16]} Rxf2 {[%emt 0:00:03]} 48. Rc7 {[%emt 0:00:30]} Rb2+ {[%emt 0:00:12]} 49. Kc5 {[%emt 0:00:58]} e3 {[%emt 0:00:28]} 50. Ra7 {[%emt 0:00:37]} e2 {[%emt 0:01:14]} 51. Ra1 {[%emt 0:00:06]} Ke4 {[%emt 0:00:02]} 52. b7 {[%emt 0:01:20]} 0-1

[Event "Turkish Club Cup 2019"]
[Site "Konya"]
[Date "2019.07.18"]
[Round "5"]
[White "Cakir, Ege"]
[Black "Yenicirak, Gokdeniz Ege"]
[Result "1/2-1/2"]
[WhiteElo "1765"]
[BlackElo "1636"]
[Annotator "NA"]
[PlyCount "61"]
[EventDate "2019.07.16"]
[EventType "team-tourn"]
[EventCountry "TUR"]
[SourceTitle "playchess.com"]
[Source "ChessBase"]
[SourceQuality "1"]
[TimeControl "5400+30"]

1. d4 {[%emt 0:00:30]} Nf6 {[%emt 0:00:30]} 2. Nf3 {[%emt 0:00:30]} e6 {[%emt 0:00:30]} 3. Bg5 {[%emt 0:00:30]} Be7 {[%emt 0:00:30]} 4. e3 {[%emt 0:00:00]} O-O {[%emt 0:00:00]} 5. Bd3 {[%emt 0:00:00]} d5 {[%emt 0:00:00]} 6. O-O {[%emt 0:00:00]} c5 {[%emt 0:00:30]} 7. c3 {[%emt 0:00:00]} Nbd7 {[%emt 0:04:30]} 8. Nbd2 {[%emt 0:00:00]} h6 {[%emt 0:03:30]} 9. Bh4 {[%emt 0:01:00]} b6 {[%emt 0:05:30]} 10. Ne5 {[%emt 0:00:30]} Nxe5 {[%emt 0:00:00]} 11. dxe5 {[%emt 0:00:30]} Nd7 {[%emt 0:00:00]} 12. Bxe7 {[%emt 0:00:30]} Qxe7 {[%emt 0:00:30]} 13. f4 {[%emt 0:00:00]} f5 {[%emt 0:01:30]} 14. exf6 {[%emt 0:00:00]} Nxf6 {[%emt 0:01:30]} 15. Nf3 {[%emt 0:01:30]} Ng4 {[%emt 0:04:30]} 16. Qe2 {[%emt 0:02:30]} e5 {[%emt 0:00:30]} 17. fxe5 {[%emt 0:08:30]} Nxe5 {[%emt 0:00:30]} 18. Nxe5 {[%emt 0:02:30]} Rxf1+ {[%emt 0:00:30]} 19. Rxf1 {[%emt 0:00:30]} Qxe5 {[%emt 0:00:00]} 20. e4 {[%emt 0:01:30]} Be6 {[%emt 0:04:00]} 21. exd5 {[%emt 0:11:30]} Qxe2 {[%emt 0:00:30]} 22. Bxe2 {[%emt 0:00:30]} Bxd5 {[%emt 0:00:00]} 23. a3 {[%emt 0:00:00]} Re8 {[%emt 0:04:00]} 24. Bb5 {[%emt 0:00:00]} Re7 {[%emt 0:00:30]} 25. Rd1 {[%emt 0:01:30]} Be6 {[%emt 0:00:30]} 26. Rd8+ {[%emt 0:00:30]} Kf7 {[%emt 0:00:00]} 27. Kf2 {[%emt 0:00:30]} Kf6 {[%emt 0:01:00]} 28. Re8 {[%emt 0:11:30]} Rxe8 {[%emt 0:00:30]} 29. Bxe8 {[%emt 0:00:30]} Bc4 {[%emt 0:00:30]} 30. Ke3 {[%emt 0:00:30]} Ke5 {[%emt 0:00:30]} 31. g3 {[%emt 0:00:30]} 1/2-1/2

[Event "Turkish Club Cup 2019"]
[Site "Konya"]
[Date "2019.07.18"]
[Round "5"]
[White "Asan, Elvan"]
[Black "Tuncer, Duru"]
[Result "1-0"]
[WhiteElo "1760"]
[BlackElo "1520"]
[Annotator "NA"]
[PlyCount "69"]
[EventDate "2019.07.16"]
[EventType "team-tourn"]
[EventCountry "TUR"]
[SourceTitle "playchess.com"]
[Source "ChessBase"]
[SourceQuality "1"]
[TimeControl "5400+30"]

1. d4 {[%emt 0:00:30]} d5 {[%emt 0:00:30]} 2. Bf4 {[%emt 0:00:00]} Bf5 {[%emt 0:00:30]} 3. e3 {[%emt 0:01:00]} Nf6 {[%emt 0:00:30]} 4. c4 {[%emt 0:00:30]} c6 {[%emt 0:04:30]} 5. Nc3 {[%emt 0:01:30]} e6 {[%emt 0:01:30]} 6. Qb3 {[%emt 0:01:30]} Qb6 {[%emt 0:02:30]} 7. c5 {[%emt 0:00:30]} Qxb3 {[%emt 0:00:30]} 8. axb3 {[%emt 0:00:30]} Nbd7 {[%emt 0:00:30]} 9. b4 {[%emt 0:02:30]} Ne4 {[%emt 0:22:30]} 10. Nxe4 {[%emt 0:03:30]} Bxe4 {[%emt 0:00:30]} 11. f3 {[%emt 0:00:00]} Bg6 {[%emt 0:02:30]} 12. b5 {[%emt 0:05:00]} Nxc5 {[%emt 0:20:30]} 13. dxc5 {[%emt 0:00:30]} Bxc5 {[%emt 0:00:30]} 14. bxc6 {[%emt 0:03:30]} bxc6 {[%emt 0:00:00]} 15. Ba6 {[%emt 0:01:30]} Kd7 {[%emt 0:01:00]} 16. Ne2 {[%emt 0:10:30]} f6 {[%emt 0:00:30]} 17. Bb7 {[%emt 0:06:30]} Raf8 {[%emt 0:16:30]} 18. Kf2 {[%emt 0:04:30]} e5 {[%emt 0:00:00]} 19. Rhc1 {[%emt 0:01:30]} Rb8 {[%emt 0:05:15]} 20. Rxc5 {[%emt 0:06:30]} Rxb7 {[%emt 0:00:08]} 21. Bg3 {[%emt 0:00:30]} Ra8 {[%emt 0:06:59]} 22. Nc3 {[%emt 0:21:30]} Rxb2+ {[%emt 0:00:07]} 23. Kg1 {[%emt 0:00:30]} Kd6 {[%emt 0:06:52]} 24. Rca5 {[%emt 0:02:30]} Rb7 {[%emt 0:00:33]} 25. Ra6 {[%emt 0:00:30]} Bd3 {[%emt 0:00:44]} 26. R6a3 {[%emt 0:00:30]} Bc4 {[%emt 0:00:21]} 27. Rd1 {[%emt 0:02:30]} Ke6 {[%emt 0:02:37]} 28. Na4 {[%emt 0:01:30]} Kd6 {[%emt 0:00:27]} 29. Nc3 {[%emt 0:01:30]} Ke6 {[%emt 0:00:37]} 30. Na4 {[%emt 0:04:48]} Kd6 {[%emt 0:00:14]} 31. e4 {[%emt 0:00:47]} d4 {[%emt 0:00:34]} 32. Rxd4+ {[%emt 0:00:13]} Bd5 {[%emt 0:00:39]} 33. exd5 {[%emt 0:00:16]} cxd5 {[%emt 0:00:29]} 34. Nc3 {[%emt 0:00:50]} Ke6 {[%emt 0:00:33]} 35. Rxd5 {[%emt 0:00:11]} 1-0

[Event "Turkish Club Cup 2019"]
[Site "Konya"]
[Date "2019.07.18"]
[Round "5"]
[White "Senyuz, Mustafa Zorbey"]
[Black "Cetinkaya, Vedat Ali"]
[Result "0-1"]
[WhiteElo "1754"]
[BlackElo "2074"]
[Annotator "NA"]
[PlyCount "128"]
[EventDate "2019.07.16"]
[EventType "team-tourn"]
[EventCountry "TUR"]
[SourceTitle "playchess.com"]
[Source "ChessBase"]
[SourceQuality "1"]
[TimeControl "5400+30"]

1. e4 {[%emt 0:00:30]} d6 {[%emt 0:01:30]} 2. d4 {[%emt 0:00:00]} g6 {[%emt 0:00:30]} 3. Nc3 {[%emt 0:00:00]} Bg7 {[%emt 0:00:30]} 4. Be3 {[%emt 0:00:00]} Nd7 {[%emt 0:00:30]} 5. Bc4 {[%emt 0:01:00]} Ngf6 {[%emt 0:03:30]} 6. f3 {[%emt 0:00:30]} c6 {[%emt 0:11:30]} 7. a4 {[%emt 0:00:30]} d5 {[%emt 0:01:30]} 8. exd5 {[%emt 0:05:30]} Nb6 {[%emt 0:00:00]} 9. Bb3 {[%emt 0:02:30]} Nbxd5 {[%emt 0:01:00]} 10. Nxd5 {[%emt 0:00:30]} Nxd5 {[%emt 0:00:00]} 11. Bf2 {[%emt 0:00:30]} O-O {[%emt 0:02:00]} 12. Ne2 {[%emt 0:00:30]} Bh6 {[%emt 0:07:30]} 13. Bxd5 {[%emt 0:02:30]} Qxd5 {[%emt 0:00:00]} 14. O-O {[%emt 0:01:30]} Be6 {[%emt 0:04:00]} 15. Nc3 {[%emt 0:02:30]} Qc4 {[%emt 0:05:30]} 16. Ne4 {[%emt 0:04:30]} Rad8 {[%emt 0:01:30]} 17. b3 {[%emt 0:05:30]} Qb4 {[%emt 0:03:30]} 18. c3 {[%emt 0:00:30]} Qa5 {[%emt 0:06:30]} 19. b4 {[%emt 0:03:30]} Qd5 {[%emt 0:02:30]} 20. Bh4 {[%emt 0:02:30]} f6 {[%emt 0:05:30]} 21. Re1 {[%emt 0:01:30]} Bc8 {[%emt 0:01:30]} 22. Qe2 {[%emt 0:00:30]} b6 {[%emt 0:08:30]} 23. Bf2 {[%emt 0:04:30]} Rfe8 {[%emt 0:05:30]} 24. c4 {[%emt 0:07:30]} Qf7 {[%emt 0:00:30]} 25. Rad1 {[%emt 0:00:30]} f5 {[%emt 0:06:30]} 26. Nc3 {[%emt 0:01:30]} Bg7 {[%emt 0:00:30]} 27. Nb1 {[%emt 0:02:30]} Bf6 {[%emt 0:03:13]} 28. Na3 {[%emt 0:02:30]} Rd6 {[%emt 0:02:04]} 29. Nc2 {[%emt 0:04:30]} Red8 {[%emt 0:00:32]} 30. Kh1 {[%emt 0:02:30]} Re6 {[%emt 0:03:08]} 31. Qf1 {[%emt 0:02:30]} Rxe1 {[%emt 0:00:20]} 32. Rxe1 {[%emt 0:00:00]} Be6 {[%emt 0:00:39]} 33. Na3 {[%emt 0:02:00]} Bxd4 {[%emt 0:01:38]} 34. Rd1 {[%emt 0:00:00]} c5 {[%emt 0:00:31]} 35. bxc5 {[%emt 0:00:00]} bxc5 {[%emt 0:00:00]} 36. Bxd4 {[%emt 0:01:30]} cxd4 {[%emt 0:00:23]} 37. Qf2 {[%emt 0:00:30]} Qf6 {[%emt 0:02:19]} 38. h3 {[%emt 0:02:30]} a6 {[%emt 0:00:32]} 39. Re1 {[%emt 0:02:30]} d3 {[%emt 0:02:11]} 40. Qd2 {[%emt 0:01:30]} Bf7 {[%emt 0:02:08]} 41. f4 {[%emt 0:00:30]} Qd6 {[%emt 0:00:14]} 42. Nb1 {[%emt 0:00:30]} Bxc4 {[%emt 0:00:30]} 43. Re5 {[%emt 0:00:30]} e6 {[%emt 0:00:45]} 44. Qc3 {[%emt 0:01:30]} Qd4 {[%emt 0:01:07]} 45. Qd2 {[%emt 0:00:30]} Rb8 {[%emt 0:00:27]} 46. Nc3 {[%emt 0:00:30]} Rb3 {[%emt 0:00:30]} 47. Nd1 {[%emt 0:00:00]} Rb1 {[%emt 0:00:12]} 48. Kh2 {[%emt 0:00:00]} Bb3 {[%emt 0:02:02]} 49. Nc3 {[%emt 0:00:30]} Rf1 {[%emt 0:02:01]} 50. Ne2 {[%emt 0:01:30]} Qd6 {[%emt 0:01:38]} 51. Nc3 {[%emt 0:02:30]} Bc2 {[%emt 0:00:38]} 52. Qe3 {[%emt 0:00:30]} d2 {[%emt 0:01:21]} 53. Rxe6 {[%emt 0:00:30]} Qxf4+ {[%emt 0:00:30]} 54. Qxf4 {[%emt 0:00:30]} Rxf4 {[%emt 0:00:00]} 55. Rd6 {[%emt 0:00:30]} Rc4 {[%emt 0:00:00]} 56. Rxd2 {[%emt 0:00:30]} Rxc3 {[%emt 0:00:26]} 57. Rd6 {[%emt 0:00:00]} Bxa4 {[%emt 0:00:31]} 58. Rxa6 {[%emt 0:00:00]} Bc6 {[%emt 0:00:00]} 59. Ra2 {[%emt 0:00:30]} h5 {[%emt 0:00:17]} 60. h4 {[%emt 0:00:30]} Kf7 {[%emt 0:00:27]} 61. Ra7+ {[%emt 0:00:00]} Kf6 {[%emt 0:00:30]} 62. Ra2 {[%emt 0:00:00]} Ke5 {[%emt 0:00:12]} 63. Re2+ {[%emt 0:00:30]} Be4 {[%emt 0:00:30]} 64. Ra2 {[%emt 0:00:30]} Rc2 {[%emt 0:00:00]} 0-1

[Event "Turkish Club Cup 2019"]
[Site "Konya"]
[Date "2019.07.18"]
[Round "5"]
[White "Demirbas, Fatih"]
[Black "Sevinc, Mesut"]
[Result "1-0"]
[WhiteElo "1742"]
[BlackElo "1703"]
[Annotator "NA"]
[PlyCount "73"]
[EventDate "2019.07.16"]
[EventType "team-tourn"]
[EventCountry "TUR"]
[SourceTitle "playchess.com"]
[Source "ChessBase"]
[SourceQuality "1"]
[TimeControl "5400+30"]

1. e4 {[%emt 0:00:30]} c5 {[%emt 0:00:30]} 2. c3 {[%emt 0:00:00]} d6 {[%emt 0:00:30]} 3. d4 {[%emt 0:00:00]} cxd4 {[%emt 0:00:30]} 4. cxd4 {[%emt 0:00:00]} e6 {[%emt 0:00:00]} 5. Nf3 {[%emt 0:00:00]} a6 {[%emt 0:00:00]} 6. Bd3 {[%emt 0:00:30]} Nf6 {[%emt 0:01:30]} 7. O-O {[%emt 0:11:30]} Nbd7 {[%emt 0:00:30]} 8. Nc3 {[%emt 0:01:30]} b5 {[%emt 0:02:30]} 9. e5 {[%emt 0:10:30]} dxe5 {[%emt 0:02:30]} 10. dxe5 {[%emt 0:01:30]} Ng8 {[%emt 0:06:30]} 11. Ne4 {[%emt 0:06:30]} Bb7 {[%emt 0:03:30]} 12. Be3 {[%emt 0:09:30]} h6 {[%emt 0:08:30]} 13. a4 {[%emt 0:13:30]} b4 {[%emt 0:05:30]} 14. a5 {[%emt 0:01:30]} Be7 {[%emt 0:00:30]} 15. Qa4 {[%emt 0:00:30]} Kf8 {[%emt 0:10:30]} 16. Rfd1 {[%emt 0:02:30]} Bd5 {[%emt 0:01:30]} 17. Rac1 {[%emt 0:03:30]} f5 {[%emt 0:09:30]} 18. Nc5 {[%emt 0:05:30]} Nxc5 {[%emt 0:13:30]} 19. Bxc5 {[%emt 0:00:30]} b3 {[%emt 0:01:30]} 20. Bb6 {[%emt 0:08:30]} Qe8 {[%emt 0:03:30]} 21. Qxe8+ {[%emt 0:00:30]} Kxe8 {[%emt 0:00:30]} 22. Bxf5 {[%emt 0:00:00]} Kf7 {[%emt 0:04:30]} 23. Bd3 {[%emt 0:09:29]} Bxf3 {[%emt 0:05:12]} 24. gxf3 {[%emt 0:00:05]} Bg5 {[%emt 0:00:03]} 25. Rc7+ {[%emt 0:01:38]} Ne7 {[%emt 0:00:22]} 26. Bc4 {[%emt 0:01:22]} Rac8 {[%emt 0:01:02]} 27. Rd6 {[%emt 0:03:35]} Rxc7 {[%emt 0:01:51]} 28. Bxe6+ {[%emt 0:00:18]} Kg6 {[%emt 0:04:56]} 29. Bxc7 {[%emt 0:00:42]} Kh5 {[%emt 0:05:42]} 30. Bg4+ {[%emt 0:03:45]} Kh4 {[%emt 0:00:52]} 31. Rd4 {[%emt 0:00:30]} Bc1 {[%emt 0:02:28]} 32. Be6+ {[%emt 0:01:24]} Kh5 {[%emt 0:01:18]} 33. Bxb3 {[%emt 0:01:32]} Bxb2 {[%emt 0:00:48]} 34. Rd7 {[%emt 0:00:15]} Nf5 {[%emt 0:01:25]} 35. Bf7+ {[%emt 0:01:17]} g6 {[%emt 0:01:27]} 36. e6 {[%emt 0:01:21]} Bf6 {[%emt 0:00:26]} 37. Rd5 {[%emt 0:00:29]} 1-0